000
00213 a2200109 4500
020
_a
9788434863118
041
_a
spa
100
_a
Manning, Mick
245
_a
Mi cuerpo tu cuerpo
942
_c
BK
999
_c
29684
_d
29682
999
_d
29682